00843nam a22002297a 4500003000500000005001700005008004100022010001000063011001000073035001000083040000900093100004000102245017200142260004100314300001000355502009600365650002800461650005400489650002900543650001700572650002400589CHAP20220329135100.0971013s1975 r 00010 d a30644 a31616 a35728 cCHAP00aCortez Carlón, Matías Federico. aEvaluación de resistencia de 13 variedades y 12 líneas de algodonero (Gossypium hirsutumL.) al hongo (Rhizoctonia solani Kuhn) causante de marchitez de plántulas a(Monterrey, N.L.) :bEl autor,c1975 a60 h. aTesis (Ing. Agr. Esp. en Fitotecnia) -- ITESM. Div. de Ciencias agropecuarias y Marítimas14aAlgodónxPlántulas.14aAlgodónxVariedades resistentes a enfermedades.14aMarchitez del algodón.14aPlántulas.14aRhizoctonia solani.